000 00497nam a2200145Ia 4500
008 100204s9999 xx 000 0 und d
082 _b19831
100 _aघारे दीपक
245 _aआपुले नि अवकाश्े
260 _b"मॅजेस्टिक प्रकाशन , मुंबई"
_c1997
300 _a153
630 _aआपुले नि अवकाश्े
730 _aआपुले नि अवकाश्े
942 _cBOOK
999 _c464253
_d464250